|
|
|
|
| LEADER |
01005nam a2200253 a 4500 |
| 001 |
GR-MES68 |
| 008 |
991111s1989 enk 000 b eng d |
| 020 |
|
|
|a 0600563979
|
| 040 |
|
|
|a GrPaTEI
|b gre
|c GR-PaULI
|
| 245 |
0 |
4 |
|a The Hamlyn guide to seashores and shallow seas of Britain and Europe.
|
| 260 |
|
|
|a London :
|b Hamlyn,
|c 1989 c1976
|
| 300 |
|
|
|a 320σελ. :
|b εικ.
|
| 504 |
|
|
|a Βιβλιογραφία : σελ.306-309
|
| 650 |
|
4 |
|a Ακτές-Θαλάσσια ζώα
|
| 650 |
|
4 |
|a Ακτές-Θαλάσσια φυτά
|
| 650 |
|
4 |
|a Θαλάσσια οικολογία
|
| 650 |
|
4 |
|a Θαλάσσιοι οργανισμοί
|
| 700 |
1 |
|
|a Campbell, A. C.
|
| 700 |
1 |
|
|a Nicholls, James
|
| 710 |
0 |
|
|a Hamlyn
|
| 942 |
|
|
|2 ddc
|
| 952 |
|
|
|0 0
|1 0
|2 ddc
|4 0
|6 574_500000000000000_26_38_CAM
|7 0
|9 263334
|a MSLG
|b MSLG
|c BSC
|d 2021-01-17
|e 24
|f 0
|g 0.00
|l 0
|o 574.5 26 38 CAM
|p 2420000001022
|r 2021-01-17 00:00:00
|t 1
|w 2021-01-17
|y BK15
|x 19991111 0 1
|x GrPaTEI
|
| 971 |
|
|
|a .b2571109x
|b 15-04-20
|c 13-09-16
|
| 999 |
|
|
|c 151563
|d 151563
|